Brittle matrix composites 10 (Record no. 548016)
[ view plain ]
| 000 -LEADER | |
|---|---|
| fixed length control field | 00593cam a2200169 a 4500 |
| 020 ## - INTERNATIONAL STANDARD BOOK NUMBER | |
| International Standard Book Number | 978-0-85709-988-4 |
| 082 00 - DEWEY DECIMAL CLASSIFICATION NUMBER | |
| Classification number | 620.1186 |
| Author Mark | BRA |
| -- | M-38,P-118 |
| 245 10 - TITLE STATEMENT | |
| Title | Brittle matrix composites 10 |
| Statement of responsibility, etc. | edited by A. M. Brandt and J. Olek. |
| 260 ## - PUBLICATION, DISTRIBUTION, ETC. | |
| Place of publication, distribution, etc. | Warsaw ; |
| -- | New York : |
| Name of publisher, distributor, etc. | Woodhead Publishing Ltd, |
| Date of publication, distribution, etc. | c20121. |
| 300 ## - PHYSICAL DESCRIPTION | |
| Extent | xii, 409 p. : |
| Other physical details | ill. ; |
| Dimensions | 25 cm. |
| 526 ## - STUDY PROGRAM INFORMATION NOTE | |
| Program name | 0 |
| Interest level | 0 |
| Reading level | 0 |
| Title point value | 620_118600000000000_BRA |
| 650 #0 - SUBJECT ADDED ENTRY--TOPICAL TERM | |
| Topical term or geographic name entry element | ceramics |
| 9 (RLIN) | 44197 |
| 650 #0 - SUBJECT ADDED ENTRY--TOPICAL TERM | |
| Topical term or geographic name entry element | Composite materials |
| General subdivision | Concrete |
| 9 (RLIN) | 44198 |
| 700 1# - ADDED ENTRY--PERSONAL NAME | |
| Personal name | Brandt, Andrzej Marek. |
| 9 (RLIN) | 44199 |
| 856 ## - ELECTRONIC LOCATION AND ACCESS | |
| Uniform Resource Identifier | <a href="http://172.25.8.12:8080/browse/book/71">http://172.25.8.12:8080/browse/book/71</a> |
| 942 ## - ADDED ENTRY ELEMENTS (KOHA) | |
| Source of classification or shelving scheme | |
| Koha item type | Book |
| Withdrawn status | Lost status | Source of classification or shelving scheme | Damaged status | Not for loan | Permanent Location | Current Location | Date acquired | Total Checkouts | Full call number | Barcode | Date last seen | Date last checked out | Price effective from | Koha item type |
|---|---|---|---|---|---|---|---|---|---|---|---|---|---|---|
| Military College of Engineering (MCE) | Military College of Engineering (MCE) | 08/19/2014 | 1 | 620.1186 BRA | MCE-50097 | 10/04/2018 | 10/04/2018 | 08/19/2014 | Book |
